| 000 | 00527nam a2200181Ia 4500 | ||
|---|---|---|---|
| 005 | 20250923144231.0 | ||
| 008 | 008 250917s9999 xx 000 0 eng d | ||
| 037 | _aTextual | ||
| 040 |
_aDSWL _beng _cDSWL |
||
| 041 |
_aeng _2eng |
||
| 084 |
_aY72:1:1:13:936:N4, H3 _qDSWL |
||
| 100 |
_aWeckler, J.E. _9822664 |
||
| 245 | 0 |
_aPolynesians explorers of the Pacific _cby J.E. Weckler |
|
| 260 | _c1943 | ||
| 300 | _a77 p. | ||
| 942 |
_cTEXL _hY72:1:1:13:936:N4, H3 |
||
| 999 |
_c1436398 _d1436398 |
||